000 00482nam a2200181Ia 4500
001 15473
005 20260306170159.0
008 260306t2010||||xx |||||||||||||| ||und||
041 _aESP
082 _a540.09
_bA174
100 _aAsimov, Isaac
_eAUT
245 0 _aBreve historia de la química:
_bIntroducción a las ideas y conceptos de la química
260 _c2010
300 _a304 páginas :
_c18 cm.; il.
650 _aGEN
654 _aCCN
942 _cLIB
_dJUS
_fJUS
_2ddc
_n
999 _c15473
_d15473